Aktuální výzva pro interní audit

Definícia pojmu corporate governance v bankách. Implementácia procesu corporate governance v bankách. Právne a ekonomické prostredie pre zdravú corporate governance. Úloha národných orgánov dohľadu.

Na minha lista:
Detalhes bibliográficos
Autor principal: Tyll, Josef
Formato: Capítulo de Livro
Idioma:tcheco
Assuntos:
Tags: Adicionar Tag
Sem tags, seja o primeiro a adicionar uma tag!

MARC

LEADER 00000naa a2200000 4500
001 r041874
005 20231004072047.1
041 0 |a cze 
044 |a CZ 
245 1 0 |a Aktuální výzva pro interní audit  |c Josef Tyll 
520 |a Definícia pojmu corporate governance v bankách. Implementácia procesu corporate governance v bankách. Právne a ekonomické prostredie pre zdravú corporate governance. Úloha národných orgánov dohľadu. 
610 2 0 |a audit interný 
610 2 0 |a spoločnosti 
610 2 0 |a riadenie 
610 2 0 |a pojmy 
610 2 0 |a banky 
610 2 0 |a prostredie ekonomické 
610 2 0 |a dohľad bankový 
610 2 0 |a správa podniku 
100 1 |a Tyll, Josef